000 00366nam a2200145Ia 4500
008 231129s1996||||xx |||||||||||||| ||spa||
020 _a958-04-1387-8
040 _bspa
082 _a(i) 808.068543 C617Le
100 _aClavel Bernard
245 0 _aLeyendas del mar
260 _c1996
264 _aNorma
942 _2ddc
_cBKS
999 _c19199
_d19199